000
00322nam a22001457a 4500
020
_a
81-8482-123-9
082
_a
823
_b
PAI/R
100
_a
PAI, ANANT
245
_a
RAMANUJA
260
_a
MUMBAI
_b
AMAR CHITHA KATHA
300
_a
31
520
_a
ENGLISH SHORT STORY
650
_a
ENGLISH SHORT STORY
_z
MUMBAI
942
_c
BK
999
_c
5303
_d
5303